Statistics for Pokemon General Trivia

Click here to take the quiz!

General Stats

  • This quiz has been taken 80 times
    (79 since last reset)
  • The average score is 23 of 44

Answer Stats

QuestionHintAnswer% Correct
Set 1Name the first gym leader of each type.Brock
92%
Set 1Name the first gym leader of each type.Misty
90%
Set 1Name the unique Flying/Fighting Pokemon (as of gen 8).Hawlucha
80%
Set 1Name the first gym leader of each type.Surge
80%
Set 1Name the first gym leader of each type.Giovanni
79%
Set 1The ability strong jaw increases power of what kind of moves?Bite/Biting
77%
Set 1Name the first gym leader of each type.Blaine
77%
Set 1Name the first gym leader of each type.Erika
75%
Set 1Name the first gym leader of each type.Bugsy
72%
Set 1Name the first gym leader of each type.Koga
72%
Set 1Name the first gym leader of each type.Sabrina
70%
Set 1A Pokemon with the ability Chlorophyll has which stat doubled in harsh sunlight?Speed
69%
Set 1Name the first gym leader of each type.Falkner
67%
Set 1Name the first gym leader of each type.Morty
67%
Set 1Name the first gym leader of each type.Jasmine
66%
Set 1Name the first gym leader of each type.Whitney
66%
Set 1Name the first gym leader of each type.Clair
64%
Set 1Name both of the Pokemon that evolve using a Dawn stone.Kirlia
62%
Set 1Name the first gym leader of each type.Chuck
61%
Set 1Name the Pokemon with Palindrome names.Girafarig
61%
Set 1Name the first gym leader of each type.Pryce
57%
Set 1Name the Pokemon with Palindrome names.Eevee
52%
Set 1Name the first gym leader of each type.Piers/Marnie
52%
Set 1What is the only grass type move that causes recoil damage?Wood Hammer
51%
Set 1Name the first gym leader of each type.Valerie
49%
Set 1Which non-starter Pokemon has both a Mega evolution and a Gigantamax form?Gengar
48%
Set 1Pokemon cities whose population is greater than 130.Lumiose
48%
Set 1Name both bug type pokemon that can only be male.Mothim
46%
Set 1Name the two Team Magma and two Team Aqua Admins.Shelly
44%
Set 1Name both of the Pokemon that evolve using a Dawn stone.Snorunt
41%
Set 1What is the greatest PP a move can have?64
39%
Set 1Crush Grip is the signature move of which Pokemon?Regigigas
39%
Set 1Name the Pokemon with Palindrome names.Ho-oh
38%
Set 1Pokemon cities whose population is greater than 130.Castelia
34%
Set 1Name the Pokemon with Palindrome names.Alomomola
33%
Set 1Name both bug type pokemon that can only be male.Volbeat
33%
Set 1Name the pokeball with the smallest catch rate multiplier.Beast Ball
31%
Set 1Name the two Team Magma and two Team Aqua Admins.Courtney
31%
Set 1What is the largest route number?Route 230
31%
Set 1Name the two Team Magma and two Team Aqua Admins.Matt
30%
Set 1Name the two Team Magma and two Team Aqua Admins.Tabitha
28%
Set 1Which berry reduces the damage taken by a super effective electric type move when held?Wacan Berry
16%
Set 1Pokemon cities whose population is greater than 130.Mauville
13%
Set 1Pokemon cities whose population is greater than 130.Nimbasa
13%

Score Distribution

Percentile by Number Answered

Percent of People with Each Score

Your Score History

You have not taken this quiz since the last reset